The pulp invasion : The international pulp and paper industry in the Mekong region

The report was written to encourage debate on the issues raised about the pulp and paper industry and the development of industrial plantations in the Mekong region. The aim of the report is not to provide "solutions" or recommendation, but to support the rights of communities to make thei...

Disgrifiad llawn

Wedi'i Gadw mewn:
Manylion Llyfryddiaeth
Prif Awdur: Lang, Chris
Fformat: Llyfr
Iaith:Undetermined
Cyhoeddwyd: Uruguay World Rainforest Movement 2002
Pynciau:
Tagiau: Ychwanegu Tag
Dim Tagiau, Byddwch y cyntaf i dagio'r cofnod hwn!
Thư viện lưu trữ: Trung tâm Học liệu Trường Đại học Cần Thơ
LEADER 00999nam a2200217Ia 4500
001 CTU_141961
008 210402s9999 xx 000 0 und d
082 |a 676.0959 
082 |b L269 
100 |a Lang, Chris 
245 4 |a The pulp invasion : 
245 4 |b The international pulp and paper industry in the Mekong region 
245 0 |c Chris Lang 
260 |a Uruguay 
260 |b World Rainforest Movement 
260 |c 2002 
520 |a The report was written to encourage debate on the issues raised about the pulp and paper industry and the development of industrial plantations in the Mekong region. The aim of the report is not to provide "solutions" or recommendation, but to support the rights of communities to make their own decisions over the management of their rivers, farmlands and forests. 
650 |a Pulp,Paper,Bột giấy,Giấy 
650 |x Technology,Công nghệ 
904 |i Trọng Hiếu 
980 |a Trung tâm Học liệu Trường Đại học Cần Thơ